Un programa de paz: diplomacia preventiva, establecimiento de la paz y mantenimiento de la paz
Saved in:
| Hovedforfatter: | |
|---|---|
| Format: | Bog |
| Sprog: | spansk |
| Udgivet: |
New York, USA
Naciones Unidas
1992
|
| Fag: | |
| Tags: |
Tilføj Tag
Ingen Tags, Vær først til at tagge denne postø!
|
MARC
| LEADER | 00000nam a2200000 a 4500 | ||
|---|---|---|---|
| 001 | UCY2198 | ||
| 003 | CL-VaPUC | ||
| 005 | 20220315074405.0 | ||
| 008 | 941017e19920000US |||||||||||||||||spa|d | ||
| 999 | |c 230673 |d 230671 | ||
| 040 | |c Pontificia Universidad Católica de Valparaíso | ||
| 082 | 0 | 4 | |a 327.172 BOU 1992 |2 21 |
| 100 | 0 | |a Boutros Ghali, Boutros |9 330251 | |
| 245 | 1 | 3 | |a Un programa de paz: diplomacia preventiva, establecimiento de la paz y mantenimiento de la paz |
| 260 | 0 | 3 | |a New York, USA |b Naciones Unidas |c 1992 |
| 300 | |a 57 páginas | ||
| 583 | |a last modification |c 19941017 00:00:00 |k Rodrigo Vera | ||
| 650 | 0 | |a Paz |9 259242 | |
| 650 | 0 | |a Congresos |9 257560 | |
| 650 | 0 | |a Relaciones Internacionales |9 255740 | |
| 942 | |c BK |2 ddc | ||
| 945 | |d 19941017 00:00:00 |a rbrito | ||
| 952 | |0 0 |1 0 |2 ddc |4 0 |6 327_172000000000000_BOU_1992 |7 0 |8 P |9 233134 |a BIBEDU |b BIBEDU |c BIBEDU_PB |d 2019-11-15 |i 3021475 |o 327.172 BOU 1992 |p 3021475 |r 2024-01-25 |t 1 |w 2019-11-15 |y BK |k EDU | ||